000 00481pab a2200181 454500
008 180718b1996 xxu||||| |||| 00| 0 eng d
100 _aLawson, Robert
245 _aGovernment decentralization and economic freedom
260 _c1996
300 _ap.421-34
362 _aDec
650 _aEconomic and social development
650 _aDecentralized government
650 _aDecentralization
700 _aBlock, Walter
773 _aAsian Economic Review
909 _a33832
999 _c33832
_d33832